| 000 | 00611nam a2200229#a 4500 | ||
|---|---|---|---|
| 001 | 01648 | ||
| 003 | HDC | ||
| 007 | ta | ||
| 008 | 230623s2012 xx 000 0 eng d | ||
| 020 | _a1823-8017 (pbk) | ||
| 040 | _aHDC | ||
| 050 |
_atm HG4244.66 _b .Y45 2012 |
||
| 245 | 0 |
_aYellow pages : _bKuala Lumpur, Selangor 2012. |
|
| 264 |
_aKuala Lumpur : _bTM Company, _c2012. |
||
| 300 |
_a590p. : _b ill. ; _c 28cm. |
||
| 650 |
_aBusiness enterprises _zMalaysia _vDirectories. |
||
| 650 |
_aCommercial catalogs _vDirectories. |
||
| 942 | _2lcc | ||
| 942 | _cBK | ||
| 942 | _ktm HG4244.66 | ||
| 942 | _m .Y45 2012 | ||
| 999 |
_c23214 _d23214 |
||